01174cam a2200301 a 4500001001400000003000800014005001700022006001900039007001500058008004100073020003800114040003000152050002200182082001500204100002900219245007000248260002800318300003500346504005100381520018900432521001700621588004700638650001400685655002900699710001600728776003500744856009300779EDZ0000064188StDuBDS20161031105158.0m||||||||d||||||||cr |||||||||||120327s2001 enk fo| 001|0|eng d a9781446219102 (ebook) :cNo price aStDuBDSbengcStDuBDSepn 0aHQ1190b.T49 200104a305.422231 aThompson, Denise,d1940-10aRadical feminism todayh[electronic resource] /cDenise Thompson. aLondon :bSAGE,cc2001. a1 online resource (vi, 165 p.) aIncludes bibliographical references and index.8 aThompson offers a timely and engaging account of exactly what feminism is, and what it is not. It is suitable reading for all students of women's studies and the sociology of feminism. aSpecialized. aDescription based on print version record. 0aFeminism. 7aElectronic books.2local2 aSage eBooks08iPrint version :z978076196341740uhttp://ezproxy.alfaisal.edu/login?url=http://sk.sagepub.com/books/radical-feminism-today